[Event "FIN-chT 1314"]
[White "Pohjala, Henri"]
[Black "Pitkanen, Sami Pekka"]
[Site "Finland"]
[Round "6.3"]
[Result "1-0"]
[Date "2013.11.03"]
[WhiteElo "2346"]
[BlackElo "2198"]
[PlyCount "75"]
[EventDate "2013.09.21"]
[EventType "team-tourn"]
[EventRounds "11"]
[EventCountry "FIN"]
[SourceTitle "EXT 2014"]
[Source "ChessBase"]
[SourceDate "2013.11.20"]
[SourceVersion "1"]
[SourceVersionDate "2013.11.20"]
[SourceQuality "1"]
[WhiteTeam "Sastamala VammSK"]
[BlackTeam "Helsinki Garde"]
[WhiteTeamCountry "FIN"]
[BlackTeamCountry "FIN"]

1. d4 Nf6 2. Bg5 e6 3. Nf3 h6 4. Bh4 c5 5. e3 b6 6. c3 Bb7 7. Nbd2 Be7 8. Bd3 0-0 9. 0-0 d5 10. Ne5 Nc6 11. f4 Ne4 12. Nxe4 Bxh4 13. Nd2 Nxe5 14. fxe5 a5 15. Qe2 Qc8 16. Qg4 Bg5 17. Rf3 cxd4 18. cxd4 Ba6 19. Bxa6 Qxa6 20. h4 Be7 21. Raf1 Qd3 22. Rg3 Qh7 23. Rf2 Rac8 24. e4 Bb4 25. exd5 exd5 26. Nf3 Rc1+ 27. Kh2 Be1 28. Nxe1 Rxe1 29. Rf4 Rd8 30. Rgf3 Re4 31. h5 b5 32. b3 b4 33. Kg1 Rxf4 34. Qxf4 Qb1+ 35. Kh2 Qxa2 36. Qxf7+ Kh8 37. e6 Qe2 38. e7 1-0

[Event "FIN-chT 1314"]
[White "Pitkanen, Sami Pekka"]
[Black "Nyysti, Sampsa"]
[Site "Finland"]
[Round "1.3"]
[Result "1/2-1/2"]
[Date "2013.09.21"]
[WhiteElo "2198"]
[BlackElo "2352"]
[PlyCount "92"]
[EventDate "2013.09.21"]
[EventType "team-tourn"]
[EventRounds "11"]
[EventCountry "FIN"]
[SourceTitle "CBM 156 Extra"]
[Source "ChessBase"]
[SourceDate "2013.10.22"]
[SourceVersion "1"]
[SourceVersionDate "2013.10.22"]
[SourceQuality "1"]
[WhiteTeam "Helsinki Garde"]
[BlackTeam "Porvoo Velhot"]
[WhiteTeamCountry "FIN"]
[BlackTeamCountry "FIN"]

1. e4 e5 2. d4 exd4 3. Qxd4 Nc6 4. Qe3 Nf6 5. Nc3 Bb4 6. Bd2 0-0 7. 0-0-0 Re8 8. Qg3 Nxe4 9. Nxe4 Rxe4 10. Bf4 d5 11. Bd3 Rxf4 12. Qxf4 Bd6 13. Qe3 Nb4 14. Kb1 c5 15. a3 Nxd3 16. Qxd3 Be6 17. Ne2 Qa5 18. Rhe1 d4 19. Qd2 Qa4 20. Nf4 Bf5 21. Nd5 d3 22. cxd3 c4 23. Ne7+ Bxe7 24. Rxe7 Bxd3+ 25. Ka1 b5 26. Rde1 h6 27. Qf4 Rf8 28. Qd4 a5 29. R7e3 b4 30. Rg3 g6 31. Rxd3 cxd3 32. Qxd3 bxa3 33. Qxa3 Qc2 34. Qe3 Rb8 35. Qd4 a4 36. Re3 Kh7 37. Rf3 Rb7 38. Ra3 Re7 39. Rxa4 Qb3 40. Qb4 Qd1+ 41. Ka2 Re1 42. Qc4 Qb1+ 43. Kb3 Qd1+ 44. Ka2 Qa1+ 45. Kb3 Qd1+ 46. Ka2 Qa1+ 1/2-1/2

[Event "FIN-chT1A 1112"]
[White "Tonteri, Ari"]
[Black "Pitkanen, Sami Pekka"]
[Site "Finland"]
[Round "2"]
[Result "0-1"]
[Date "2011.10.15"]
[WhiteElo "1990"]
[BlackElo "2199"]
[PlyCount "90"]
[EventDate "2011.09.17"]
[EventType "team-tourn"]
[EventRounds "7"]
[EventCountry "FIN"]
[SourceTitle "EXT 2019"]
[Source "ChessBase"]
[SourceDate "2018.10.10"]
[SourceVersion "1"]
[SourceVersionDate "2018.10.10"]
[SourceQuality "1"]
[WhiteTeam "Hyvinkaa SK"]
[BlackTeam "Helsinki Garde"]
[WhiteTeamCountry "FIN"]
[BlackTeamCountry "FIN"]

1. e4 c5 2. Nf3 g6 3. d4 cxd4 4. Nxd4 Nc6 5. Nc3 Bg7 6. Be3 Nf6 7. Bc4 Qa5 8. 0-0 0-0 9. Bb3 d6 10. h3 Bd7 11. f4 Nxd4 12. Bxd4 Bc6 13. Qd3 Rad8 14. Rad1 Rfe8 15. f5 Rf8 16. g4 Nd7 17. Bxg7 Kxg7 18. g5 Qe5 19. Rde1 Nc5 20. Qe3 Nxb3 21. f6+ Kg8 22. axb3 Rfe8 23. Rf3 a5 24. Qd2 exf6 25. gxf6 Qh5 26. Qf2 Re5 27. Ree3 Rde8 28. Rf4 R5e6 29. Rg3 b5 30. Rgg4 b4 31. Rf5 Qh6 32. Nd5 Bxd5 33. Rxd5 Qc1+ 34. Kg2 Qxb2 35. Qd2 Qxf6 36. Rf4 Qe7 37. Rd4 Qg5+ 38. Kf3 Rc8 39. Rd5 Qg1 40. h4 h5 41. Rxa5 Qh1+ 42. Ke3 Rc3+ 43. Kd4 Qg1+ 44. Rf2 Rf6 45. Qh6 Qxf2+ 0-1

[Event "FIN-chT 0607"]
[White "Pitkanen, Sami Pekka"]
[Black "Gamback, Bjorn"]
[Site "Finland"]
[Round "8.7"]
[Result "1/2-1/2"]
[Date "2007.03.10"]
[WhiteElo "2203"]
[BlackElo "2179"]
[PlyCount "32"]
[EventDate "2006.09.14"]
[EventType "team-tourn"]
[EventRounds "9"]
[EventCountry "FIN"]
[SourceTitle "EXT 2022"]
[Source "ChessBase"]
[SourceDate "2021.10.06"]
[SourceVersion "1"]
[SourceVersionDate "2021.10.06"]
[SourceQuality "1"]
[WhiteTeam "Helsinki Garde"]
[BlackTeam "Helsinki HSK"]
[WhiteTeamCountry "FIN"]
[BlackTeamCountry "FIN"]

1. e4 c5 2. Nc3 g6 3. d4 cxd4 4. Qxd4 Nf6 5. Nf3 Nc6 6. Qa4 d6 7. e5 dxe5 8. Nxe5 Bd7 9. Nxd7 Qxd7 10. Bb5 Bg7 11. 0-0 0-0 12. Bxc6 Qxc6 13. Qxc6 bxc6 14. Re1 e6 15. Kf1 Rab8 16. Rb1 Nd5 1/2-1/2

[Event "FIN-chT 0607"]
[White "Koskela, Niina"]
[Black "Pitkanen, Sami Pekka"]
[Site "Finland"]
[Round "4.6"]
[Result "0-1"]
[Date "2006.11.18"]
[WhiteElo "2272"]
[BlackElo "2203"]
[PlyCount "124"]
[EventDate "2006.09.14"]
[EventType "team-tourn"]
[EventRounds "9"]
[EventCountry "FIN"]
[SourceTitle "EXT 2022"]
[Source "ChessBase"]
[SourceDate "2021.10.06"]
[SourceVersion "1"]
[SourceVersionDate "2021.10.06"]
[SourceQuality "1"]
[WhiteTeam "Helsinki Velhot"]
[BlackTeam "Helsinki Garde"]
[WhiteTeamCountry "FIN"]
[BlackTeamCountry "FIN"]

1. e4 c5 2. Nf3 g6 3. c3 Bg7 4. d4 cxd4 5. cxd4 d5 6. e5 Bg4 7. Nc3 Nc6 8. Be2 Nh6 9. h3 Bxf3 10. Bxf3 Nf5 11. Bxd5 Nfxd4 12. Bxc6+ Nxc6 13. Qxd8+ Rxd8 14. f4 f6 15. exf6 exf6 16. Be3 f5 17. Rd1 Rxd1+ 18. Kxd1 Kf7 19. a3 Rc8 20. Kc2 Re8 21. Bf2 Bxc3 22. Kxc3 Re2 23. Rf1 a6 24. g3 Ne7 25. Bd4 Rh2 26. h4 Rg2 27. Rf3 b5 28. Rd3 Nd5+ 29. Kb3 Ke6 30. Ka2 a5 31. Kb1 h5 32. Kc1 a4 33. Kd1 Nc7 34. Re3+ Kd5 35. Bc3 Kc4 36. Re2 Rxg3 37. Rc2 Kb3 38. Be1 Rd3+ 39. Kc1 Nd5 40. Rc5 b4 41. axb4 Nxf4 42. Rc2 Rd4 43. Bc3 Re4 44. Kd1 Nd5 45. Bd2 Rc4 46. Rxc4 Kxc4 47. Bh6 Nxb4 48. Ke2 Nd5 49. Bg7 Nf4+ 50. Kf3 Ne6 51. Bf6 Kb3 52. Be5 Kc2 53. Bf6 Nc5 54. Kf4 Nd3+ 55. Kg5 Nxb2 56. Be7 Nc4 57. Kxg6 f4 58. Kxh5 f3 59. Bc5 a3 60. Kg4 f2 61. Bxf2 a2 62. Bd4 Nb2 0-1

[Event "FIN-chT 0203"]
[White "Pitkanen, Sami Pekka"]
[Black "Nyysti, Sampsa"]
[Site "Finland"]
[Round "7.2"]
[Result "0-1"]
[Date "2003.02.15"]
[WhiteElo "2188"]
[BlackElo "2297"]
[PlyCount "60"]
[EventDate "2002.10.21"]
[EventType "team-tourn"]
[EventRounds "9"]
[EventCountry "FIN"]
[SourceTitle "EXT 2004"]
[Source "ChessBase"]
[SourceDate "2003.11.25"]
[SourceVersion "1"]
[SourceVersionDate "2003.11.25"]
[SourceQuality "1"]
[WhiteTeam "Karhula TS"]
[BlackTeam "Joensuu SK"]
[WhiteTeamCountry "FIN"]
[BlackTeamCountry "FIN"]

1. e4 e5 2. Nf3 Nc6 3. Nc3 Nf6 4. Bb5 Bb4 5. 0-0 0-0 6. d3 d6 7. Bxc6 bxc6 8. Ne2 Bc5 9. Ng3 Rb8 10. c3 h6 11. Qe2 Re8 12. b4 Bb6 13. Be3 Nh7 14. a4 Nf8 15. a5 Bxe3 16. fxe3 Ba6 17. Nf5 Kh7 18. Nd2 Qd7 19. Rf3 Re6 20. Raf1 Rf6 21. Rg3 Ne6 22. Nf3 Rg6 23. Rh3 c5 24. bxc5 Nxc5 25. c4 Rb3 26. Ne1 Qe6 27. Rhf3 Nxd3 28. Nxd3 Qxc4 29. Ne7 Qxd3 30. Qe1 Rg5 0-1

[Event "FIN-chT 0203"]
[White "Karttunen, Mika"]
[Black "Pitkanen, Sami Pekka"]
[Site "Finland"]
[Round "4.2"]
[Result "1-0"]
[Date "2002.11.16"]
[WhiteElo "2434"]
[BlackElo "2188"]
[PlyCount "49"]
[EventDate "2002.10.21"]
[EventType "team-tourn"]
[EventRounds "9"]
[EventCountry "FIN"]
[SourceTitle "EXT 2004"]
[Source "ChessBase"]
[SourceDate "2003.11.25"]
[SourceVersion "1"]
[SourceVersionDate "2003.11.25"]
[SourceQuality "1"]
[WhiteTeam "Jyvaskyla JyS"]
[BlackTeam "Karhula TS"]
[WhiteTeamCountry "FIN"]
[BlackTeamCountry "FIN"]

1. d4 c5 2. d5 d6 3. Nc3 e5 4. e4 Be7 5. Nf3 Bg4 6. Be3 Bxf3 7. Qxf3 Bg5 8. Qg3 Bxe3 9. Qxg7 Qh4 10. g3 Qg5 11. Qxh8 Bd2+ 12. Kd1 Bxc3 13. bxc3 Qg4+ 14. Be2 Qg6 15. f4 f6 16. Kd2 Kf8 17. Raf1 Nd7 18. fxe5 dxe5 19. d6 Qxe4 20. Bf3 Qg6 21. Bd5 Qg5+ 22. Kd1 Qg7 23. Qxg7+ Kxg7 24. Bxb7 Rb8 25. Bd5 1-0

[Event "FIN-chT 0203"]
[White "Pitkanen, Sami Pekka"]
[Black "Yrjola, Jouni"]
[Site "Finland"]
[Round "1.2"]
[Result "1-0"]
[Date "2002.10.21"]
[WhiteElo "2188"]
[BlackElo "2422"]
[PlyCount "71"]
[EventDate "2002.10.21"]
[EventType "team-tourn"]
[EventRounds "9"]
[EventCountry "FIN"]
[SourceTitle "EXT 2004"]
[Source "ChessBase"]
[SourceDate "2003.11.25"]
[SourceVersion "1"]
[SourceVersionDate "2003.11.25"]
[SourceQuality "1"]
[WhiteTeam "Karhula TS"]
[BlackTeam "Helsinki Gaia"]
[WhiteTeamCountry "FIN"]
[BlackTeamCountry "FIN"]

1. e4 c5 2. Nc3 Nc6 3. f4 g6 4. Nf3 Bg7 5. Bb5 Nd4 6. Bd3 d6 7. Nxd4 cxd4 8. Ne2 Nf6 9. 0-0 0-0 10. Qe1 Nd7 11. Qf2 Nc5 12. Nxd4 Bd7 13. b3 Nxd3 14. cxd3 Bb5 15. Qe3 Qb6 16. Bb2 Ba6 17. Rf3 e5 18. fxe5 Bxe5 19. Raf1 Rae8 20. Qf2 Re7 21. Bc3 d5 22. exd5 Qd6 23. Qh4 Rfe8 24. Kh1 Qxd5 25. Nf5 Rd7 26. Nh6+ Kg7 27. Rxf7+ Rxf7 28. Rxf7+ Qxf7 29. Nxf7 Kxf7 30. Qxh7+ Kf6 31. Qh4+ Kf7 32. Qf2+ Kg7 33. Qe3 Bxc3 34. Qxe8 Bxd2 35. Qe7+ Kh6 36. d4 1-0

[Event "FIN-chT1B 0102"]
[White "Vaatainen, Timo"]
[Black "Pitkanen, Sami Pekka"]
[Site "Finland"]
[Round "7.2"]
[Result "1/2-1/2"]
[Date "2002.??.??"]
[WhiteElo "2288"]
[BlackElo "2205"]
[PlyCount "23"]
[EventDate "2001.10.??"]
[EventType "team-tourn"]
[EventRounds "7"]
[EventCountry "FIN"]
[SourceTitle "EXT 2022"]
[Source "ChessBase"]
[SourceDate "2021.10.06"]
[SourceVersion "1"]
[SourceVersionDate "2021.10.06"]
[SourceQuality "1"]
[WhiteTeam "Vantaa Remi"]
[BlackTeam "Karhula TS"]
[WhiteTeamCountry "FIN"]
[BlackTeamCountry "FIN"]

1. d4 f5 2. g3 Nf6 3. Bg2 g6 4. c4 Bg7 5. Nc3 0-0 6. Nh3 d6 7. 0-0 e5 8. dxe5 dxe5 9. e4 c6 10. Be3 Qe7 11. Qe2 Na6 12. Rae1 1/2-1/2

[Event "FIN-ch"]
[White "Kekki, Petri"]
[Black "Pitkanen, Sami Pekka"]
[Site "Helsinki"]
[Round "8"]
[Result "1-0"]
[Date "2001.??.??"]
[WhiteElo "2297"]
[BlackElo "2197"]
[PlyCount "50"]
[EventDate "2001.??.??"]
[EventType "swiss"]
[EventRounds "9"]
[EventCountry "FIN"]
[SourceTitle "EXT 2002"]
[Source "ChessBase"]
[SourceDate "2001.11.25"]
[SourceVersion "1"]
[SourceVersionDate "2001.11.25"]
[SourceQuality "1"]

1. d4 Nf6 2. c4 Nc6 3. Nf3 e6 4. Nc3 Bb4 5. Qc2 d6 6. Bd2 0-0 7. a3 Bxc3 8. Bxc3 Re8 9. g3 e5 10. d5 Nb8 11. Bg2 a5 12. b3 c6 13. dxc6 Nxc6 14. 0-0 Qe7 15. Rfd1 Be6 16. Ng5 Bg4 17. Qd2 a4 18. b4 Red8 19. b5 Na7 20. Bb4 Ne8 21. Ne4 Qe6 22. Rac1 Rac8 23. h3 Bh5 24. Ba5 Rd7 25. Bb6 Ra8 1-0

[Event "Turku op"]
[White "Keskinen, Sauli"]
[Black "Pitkanen, Sami Pekka"]
[Site "Turku"]
[Round "5"]
[Result "1-0"]
[Date "2001.??.??"]
[WhiteElo "2252"]
[BlackElo "2197"]
[PlyCount "83"]
[EventDate "2001.??.??"]
[EventType "swiss"]
[EventRounds "5"]
[EventCountry "FIN"]
[SourceTitle "EXT 2002"]
[Source "ChessBase"]
[SourceDate "2001.11.25"]
[SourceVersion "1"]
[SourceVersionDate "2001.11.25"]
[SourceQuality "1"]

1. e4 d5 2. Nc3 dxe4 3. Nxe4 Qd5 4. Ng3 e5 5. b3 Nf6 6. Bb2 Bc5 7. Nf3 Ng4 8. d4 exd4 9. Bc4 Qd8 10. 0-0 0-0 11. Nxd4 Nc6 12. Nxc6 Qh4 13. h3 bxc6 14. Qf3 Nxf2 15. Rxf2 Be6 16. Bd3 Bd5 17. Nf5 Bxf3 18. Nxh4 Bd5 19. Nf5 Bxf2+ 20. Kxf2 f6 21. c4 Be6 22. Ne7+ Kh8 23. Nxc6 Bd7 24. Be4 Rfe8 25. Bd5 Be6 26. Bf3 a5 27. Nd4 Ra6 28. Bc6 Rd8 29. Re1 Bg8 30. Bb5 Rad6 31. Nc6 Ra8 32. Nd4 a4 33. bxa4 c6 34. Nxc6 Bxc4 35. Bxc4 Rxc6 36. Bb5 Rc2+ 37. Re2 Rac8 38. a5 R8c5 39. a4 Rxe2+ 40. Kxe2 Rc2+ 41. Kd3 Rxb2 42. a6 1-0

[Event "FIN-ch"]
[White "Pitkanen, Sami Pekka"]
[Black "Karttunen, Mika"]
[Site "Helsinki"]
[Round "5"]
[Result "0-1"]
[Date "2001.??.??"]
[WhiteElo "2197"]
[BlackElo "2468"]
[PlyCount "57"]
[EventDate "2001.??.??"]
[EventType "swiss"]
[EventRounds "9"]
[EventCountry "FIN"]
[SourceTitle "EXT 2002"]
[Source "ChessBase"]
[SourceDate "2001.11.25"]
[SourceVersion "1"]
[SourceVersionDate "2001.11.25"]
[SourceQuality "1"]

1. e4 g6 2. Nc3 Bg7 3. h4 c6 4. Bc4 b5 5. Bb3 b4 6. Qf3 Nf6 7. e5 bxc3 8. exf6 cxd2+ 9. Bxd2 Bxf6 10. 0-0-0 d5 11. Bc3 Be6 12. Bxf6 exf6 13. c4 Nd7 14. cxd5 cxd5 15. Bxd5 Qc7+ 16. Kb1 Rb8 17. Qe2 Nc5 18. Bxe6 fxe6 19. Nf3 0-0 20. h5 g5 21. Rc1 Rb4 22. Rc2 Qb6 23. Nd2 Rd8 24. Nc4 Qa6 25. f4 Na4 26. Re1 Rd4 27. b3 Nc5 28. Qe3 Rdxc4 29. Qe2 0-1

[Event "Vantaa op"]
[White "Pitkanen, Sami Pekka"]
[Black "Prokopchuk, Evgeny"]
[Site "Vantaa"]
[Round "5"]
[Result "0-1"]
[Date "2001.??.??"]
[WhiteElo "2197"]
[BlackElo "2508"]
[PlyCount "98"]
[EventDate "2001.??.??"]
[EventType "swiss"]
[EventRounds "5"]
[EventCountry "FIN"]
[SourceTitle "EXT 2002"]
[Source "ChessBase"]
[SourceDate "2001.11.25"]
[SourceVersion "1"]
[SourceVersionDate "2001.11.25"]
[SourceQuality "1"]

1. e4 c5 2. Nf3 e6 3. d3 Nc6 4. g3 d6 5. Bg2 Nf6 6. 0-0 Be7 7. Nbd2 0-0 8. Ne1 Bd7 9. f4 Rc8 10. Nef3 b5 11. a4 a6 12. h3 Ne8 13. axb5 axb5 14. Re1 Qb6 15. Nf1 Nc7 16. Be3 b4 17. c3 bxc3 18. bxc3 Ra8 19. Rb1 Qa5 20. d4 Nb5 21. Qd3 c4 22. Qxc4 Na3 23. Qd3 Nxb1 24. Rxb1 Rfb8 25. Rxb8+ Rxb8 26. d5 Nd8 27. N1d2 Rc8 28. c4 exd5 29. exd5 Nb7 30. Ng5 Bxg5 31. fxg5 Nc5 32. Qd4 Ra8 33. Kh2 Re8 34. h4 Qd8 35. Bf4 Qe7 36. h5 Bf5 37. h6 gxh6 38. gxh6 f6 39. Nf3 Be4 40. Qa1 Nd3 41. Bd2 Qf7 42. Qd4 Bxf3 43. Bxf3 Ne5 44. Qf4 Qg6 45. Bd1 Ra8 46. Bc3 Rc8 47. c5 Rxc5 48. Bd4 Rc4 49. Be2 Rc2 0-1

[Event "Turku op"]
[White "Sorsa, Nuutti"]
[Black "Pitkanen, Sami Pekka"]
[Site "Turku"]
[Round "3"]
[Result "1/2-1/2"]
[Date "2001.??.??"]
[WhiteElo "2245"]
[BlackElo "2197"]
[PlyCount "56"]
[EventDate "2001.??.??"]
[EventType "swiss"]
[EventRounds "5"]
[EventCountry "FIN"]
[SourceTitle "EXT 2002"]
[Source "ChessBase"]
[SourceDate "2001.11.25"]
[SourceVersion "1"]
[SourceVersionDate "2001.11.25"]
[SourceQuality "1"]

1. e4 c5 2. Nf3 g6 3. c4 Bg7 4. d4 cxd4 5. Nxd4 Nc6 6. Be3 Nf6 7. Nc3 Ng4 8. Qxg4 Nxd4 9. Qd1 Ne6 10. Bd3 Qa5 11. 0-0 b6 12. f4 Bxc3 13. bxc3 Qxc3 14. Rc1 Qg7 15. Rf3 Bb7 16. Bb1 f6 17. Rg3 Nc5 18. Bxc5 bxc5 19. Qa4 Bc6 20. Qa5 0-0 21. Qxc5 Rfc8 22. Qe3 e5 23. f5 a5 24. c5 g5 25. h4 h6 26. Bd3 Qe7 27. Qe2 Kg7 28. Rh3 Rh8 1/2-1/2

[Event "FIN-ch"]
[White "Vinke, Dietmar"]
[Black "Pitkanen, Sami Pekka"]
[Site "Helsinki"]
[Round "6"]
[Result "1/2-1/2"]
[Date "2001.??.??"]
[WhiteElo "2246"]
[BlackElo "2197"]
[PlyCount "52"]
[EventDate "2001.??.??"]
[EventType "swiss"]
[EventRounds "9"]
[EventCountry "FIN"]
[SourceTitle "EXT 2002"]
[Source "ChessBase"]
[SourceDate "2001.11.25"]
[SourceVersion "1"]
[SourceVersionDate "2001.11.25"]
[SourceQuality "1"]

1. d4 Nf6 2. c4 Nc6 3. Nf3 e6 4. a3 d5 5. e3 Be7 6. Bd3 0-0 7. 0-0 dxc4 8. Bxc4 Bd6 9. Bb5 Bd7 10. Nc3 Re8 11. e4 e5 12. Bxc6 Bxc6 13. dxe5 Bxe5 14. Nxe5 Rxe5 15. Bf4 Re6 16. Qxd8+ Rxd8 17. f3 Re7 18. Rad1 Rde8 19. h3 h6 20. Bh2 Rc8 21. Rd4 Rd7 22. Rfd1 Rxd4 23. Rxd4 Kf8 24. Kf2 Ke8 25. Ke3 Nd7 26. Ne2 Nf6 1/2-1/2

[Event "FIN-chT1A 9900"]
[White "Kiviaho, Allan"]
[Black "Pitkanen, Sami Pekka"]
[Site "Finland"]
[Round "5.3"]
[Result "1/2-1/2"]
[Date "2000.??.??"]
[WhiteElo "2247"]
[BlackElo "2191"]
[PlyCount "84"]
[EventDate "1999.??.??"]
[EventType "team-tourn"]
[EventRounds "7"]
[EventCountry "FIN"]
[SourceTitle "EXT 2001"]
[Source "ChessBase"]
[SourceDate "2000.11.22"]
[SourceVersion "1"]
[SourceVersionDate "2000.11.22"]
[SourceQuality "1"]
[WhiteTeam "Helsinki HSK II"]
[BlackTeam "Karhula TS"]
[WhiteTeamCountry "FIN"]
[BlackTeamCountry "FIN"]

1. Nf3 f5 2. c4 Nf6 3. g3 g6 4. b4 Bg7 5. Bb2 d6 6. d4 0-0 7. Bg2 Qe8 8. Qb3 Kh8 9. 0-0 c6 10. c5 d5 11. Ne5 Nbd7 12. Nxd7 Bxd7 13. f3 Nh5 14. f4 Nf6 15. Nd2 Ne4 16. Nxe4 fxe4 17. e3 Bf6 18. h4 Qc8 19. Kh2 Kg7 20. Rf2 h6 21. Raf1 Rh8 22. Kg1 Bh3 23. Kh2 Bxg2 24. Kxg2 g5 25. hxg5 hxg5 26. f5 Qg8 27. Rg1 Qh7 28. Kf1 Qh3+ 29. Ke1 Qg4 30. Bc3 Rh3 31. Qd1 Qxd1+ 32. Kxd1 Rah8 33. Ke2 Kf7 34. g4 e6 35. fxe6+ Kxe6 36. Be1 b6 37. Rgf1 Rh2 38. Rxh2 Rxh2+ 39. Rf2 Rh8 40. Kd1 bxc5 41. bxc5 Rb8 42. Kc1 Rb7 1/2-1/2

[Event "Helsinki op2"]
[White "Luukkonen, Tommi"]
[Black "Pitkanen, Sami Pekka"]
[Site "Helsinki"]
[Round "5"]
[Result "1-0"]
[Date "2000.??.??"]
[WhiteElo "2156"]
[BlackElo "2192"]
[PlyCount "51"]
[EventDate "2000.08.??"]
[EventType "swiss"]
[EventRounds "5"]
[EventCountry "FIN"]
[SourceTitle "EXT 2001"]
[Source "ChessBase"]
[SourceDate "2000.11.22"]
[SourceVersion "1"]
[SourceVersionDate "2000.11.22"]
[SourceQuality "1"]

1. e4 c5 2. Nc3 g6 3. Nf3 Bg7 4. d4 cxd4 5. Nxd4 Nc6 6. Be3 Nf6 7. Bc4 Qa5 8. Nb3 Qb4 9. Bd3 Nxe4 10. 0-0 Nxc3 11. bxc3 Qxc3 12. Rb1 0-0 13. Nc5 b6 14. Ne4 Qe5 15. f4 Qc7 16. f5 Be5 17. Bh6 Bb7 18. Qg4 Bg7 19. Qh4 Qe5 20. Rb5 Qd4+ 21. Kh1 d5 22. Bxg7 Kxg7 23. Rxd5 Qxd5 24. f6+ exf6 25. Nxf6 Kh8 26. Qxh7# 1-0